| 000 | 00916nas a2200277 4500 | ||
|---|---|---|---|
| 001 | BR6008621 | ||
| 003 | BR-BrBNA | ||
| 005 | 20231205082111.0 | ||
| 007 | ta | ||
| 008 | 230509b bl.|||p| |||| 00| 00por d | ||
| 040 |
_aBR-BrBNA _bpor _cBiblioteca Nacional de Agricultura |
||
| 041 | _a(Pt) | ||
| 072 | _aF00 | ||
| 100 | 1 | _aSalibe, A.A. | |
| 100 | 1 | _aMischan, M.M. | |
| 111 | 1 |
_a28. Reuniao Anual da Sociedade Brasileira para o Progresso da Ciencia _cBrasilia, DF (Brazil) _d7 Jul 1976 |
|
| 245 | 1 | _aExperimento de porta enxerto para laranja Itaborai na regiao de Botucatu [Citrus sinensis, Sao Paulo, Brasil] | |
| 650 | _aLARANJA | ||
| 650 | _aENXERTO | ||
| 650 | _aPORTA ENXERTO | ||
| 650 | _aBOTUCATU | ||
| 650 | _aSAO PAULO | ||
| 773 | 0 |
_tCiencia e Cultura (Brazil) _xISSN 0009-6725 _g(Jul 1976), v. 28(suppl. 7) p. 787 _wBR6008621 |
|
| 909 |
_a202311 _bLúcia _c55 _dLúcia Elande |
||
| 942 |
_2AGRIS _n0 _cANA |
||
| 999 |
_c89160 _d89160 |
||